000 00323nam a22001337a 4500
008 230621b xxu||||| |||| 00| 0 eng d
020 _a0671413953
082 _a327.73
_bPOD 1980
100 _cNorman Podhoretz
245 _aThe Present Danger
260 _aUSA
_bSimon & Schuster
_c1980
300 _a109p
942 _2ddc
_cBK
999 _c1997
_d1997